000 01368nam0a22003971 4500
001 v19\rc\1407626
005 20060512130700.0
035 _a(NLR Aleph) 004564572
090 _a2319146
_c2319146
100 _a20060512d1876 |||y0rusy50 ca
101 1 _arus
_ceng
102 _aRU
105 _ay j |||||
200 1 _aДревнейшая история учреждений
_eЛекции сэра Генри Семнера Мэна
_fПер. с англ. А.П. Нахимова
210 _aСанкт-Петербург
_cред. журн. "Знание" (Д.А. Коропчевского и И.А. Гольдсмита)
_d1876
215 _a[4], 319 с.
_d24
700 1 _6z01790
_aМэн
_bГ. С.
_f1822-1888
_gГенри Сомнер
702 1 _aНахимов
_bА. П.
_4730
790 1 _6z01700
_aМэн
_bГ. С.
_f1822-1888
_gГенри Семнер
801 0 _aRU
_bNLR
_gpsbo
801 0 _aRU
_bRuMoRGB
_2psbo
801 1 _aRU
_bProSoft-M
_2rusmarc
852 _aNLR
_j18.80.7.17
852 _aNLR
_j133/3950
899 _aRuMoRGB
_jM 55/60
899 _aRuMoRGB
_jS 109/281
899 _aRuMoRGB
_jW 510/387
899 _aRuMoRGB
_jРб 36/59
899 _aRuMoRGB
_jКл 3/240
899 _aRuMoRGB
_jКл 67/416
899 _aБАН
899 _aНБ СПбГУ
899 _aГПИБ
899 _aНБ МГУ
942 _cBOOK
980 _aNB